|
|
|
|
| LEADER |
00000nam0a2200000 4500 |
| 001 |
335063 |
| 005 |
20231102004721.0 |
| 035 |
|
|
|a (RuTPU)RU\TPU\book\361390
|
| 090 |
|
|
|a 335063
|
| 100 |
|
|
|a 20170913d1960 k y0rusy50 ca
|
| 101 |
0 |
|
|a rus
|
| 102 |
|
|
|a RU
|
| 105 |
|
|
|a a z 001zy
|
| 200 |
1 |
|
|a Кинетическое уравнение необратимых реакций в осциллографической полярографии
|e [оттиск]
|f А. Я. Гохштейн, Я. П. Гохштейн
|g Академия наук СССР (АН СССР)
|
| 210 |
|
|
|a Москва
|c Изд-во АН СССР
|d 1960
|
| 215 |
|
|
|a 4 с.
|c ил.
|
| 225 |
1 |
|
|a Доклады Академии Наук СССР
|v Т. 131, № 3
|
| 320 |
|
|
|a Библиогр. в конце ст.
|
| 606 |
1 |
|
|a Полярография осциллографическая
|2 stltpush
|3 (RuTPU)RU\TPU\subj\50823
|9 69457
|
| 610 |
1 |
|
|a физическая химия
|
| 610 |
1 |
|
|a необратимые реакции
|
| 610 |
1 |
|
|a кинетические уравнения
|
| 610 |
1 |
|
|a оттиски
|
| 610 |
1 |
|
|a таблицы
|
| 610 |
1 |
|
|a библиотека А. Г. Стромберга
|
| 675 |
|
|
|a 543.552
|v 4
|
| 700 |
|
1 |
|a Гохштейн
|b А. Я.
|
| 701 |
|
1 |
|a Гохштейн
|b Я. П.
|
| 712 |
0 |
2 |
|a Академия наук СССР (АН СССР)
|c (Ленинград/Москва)
|c (1925-1991)
|2 stltpush
|3 (RuTPU)RU\TPU\col\722
|
| 801 |
|
1 |
|a RU
|b 63413507
|c 20170913
|
| 801 |
|
2 |
|a RU
|b 63413507
|c 20171211
|g RCR
|
| 942 |
|
|
|c BK
|